Little Nightmares: Secrets of the Maw Trivia - Statistics

General Stats
  • This quiz has been taken 145 times
  • The average score is 9 of 10
Answer Stats
Hint Answer % Correct
How many chapters are there? 3
96%
The ending implies who killed you? Six
93%
What do you use to light the way? Flashlight
90%
What returning character resides in the residence? The Lady
89%
What does she turn you into? A Nome
87%
Who lurks beneath the water? The Granny
87%
What do you use to kill her? A Television
85%
Who do you play as? The Runaway Kid
85%
What returning character is skulking in the dark? The Janitor
77%
What creatures die in the light? Shadow Kids
66%
No matching quizzes found
Score Distribution
Percent of People with Each Score
Percentile by Number Answered
Your Score History
You have not taken this quiz